Lord of the Mysteries - The Darkness Pathway - Statistics

General Stats
  • This quiz has been taken 41 times
  • The average score is 8 of 10
Answer Stats
Sequence Number Name of Potion % Correct
Sequence 0 The Darkness
95%
Sequence 8 Midnight Poet
91%
Sequence 9 Sleepless
91%
Sequence 7 Nightmare
86%
Sequence 5 Spirit Warlock
82%
Sequence 6 Soul Assurer
73%
Sequence 3 Horror Bishop
64%
Sequence 4 Nightwatcher
64%
Sequence 2 Servant Of Concealment
64%
Sequence 1 Knight Of Misfortune
59%
No matching quizzes found
Score Distribution
Percent of People with Each Score
Percentile by Number Answered
Your Score History
You have not taken this quiz